| 000 | 00766nam a2200301 a 4500 | ||
|---|---|---|---|
| 003 | AR-BaBNM | ||
| 005 | 20251128205719.0 | ||
| 008 | 082120s2002 ||||||||||||||000 | spa|| | ||
| 040 | _cAR-BaBNM | ||
| 100 | 1 | _aAlsogaray, Alvaro C. | |
| 245 | 0 | 0 | _aBases para la acción política |
| 260 |
_aBuenos Aires _bAtlántida _c1972 |
||
| 300 |
_a183 p. _bgráfs., tablas |
||
| 504 | _aBibliografía p. 179-180 | ||
| 650 | 4 | _aPOLITICA SOCIAL | |
| 650 | 4 | _aTRABAJO | |
| 650 | 4 | _aCAPITALISMO | |
| 650 | 4 | _aHISTORIA POLITICA | |
| 650 | 4 | _aINFLACION | |
| 650 | 4 | _aSISTEMAS ECONOMICOS | |
| 650 | 4 | _aDOCTRINAS ECONOMICAS | |
| 650 | 4 | _aEMPLEO | |
| 650 | 4 | _aINVERSION | |
| 650 | 4 | _aSINDICATOS | |
| 653 | _aECONOMIA POLITICA | ||
| 942 | _cBK | ||
| 998 | _cMariana | ||
| 999 |
_c12515 _d12515 |
||